00478 2200181 4500001002100000005001500021008004100036020001800077035001900095041000700114082000800121090001400129100002600143245006200169260002600231300001900257650002000276INLIS00000000001508420241224114852241224||||||||| | ||| |||| || |  a979-3168-46-3 0010-1224015084 aid0 a500 a500 EMI a0 aEmiliana Fransiska W.00aAku Suka Belajar : Ilmu Pengetahuan Alam untuk SD kelas 4 aJakartabAlbamac2008 a152hlm;17x25cm 0ailmu ilmu murni